Océan Pacifique - Mort subite sur une carte - Statistiques

Statistiques générales
  • Ce quiz a été pris 6 164 fois
    6 108 depuis la dernière actualisation
  • Le résultat moyen est 22 sur 25
Answers on the Grid
Answers color-coded by a green-red scale on the quiz's grid according to % correct below.
 
Statistiques - réponses
Réponse % Correct
95%
95%
95%
94%
94%
94%
94%
94%
94%
93%
93%
93%
93%
92%
92%
92%
91%
91%
90%
89%
86%
84%
62%
39%
37%
Aucun quiz correspondant
Distribution des résultats
% des personnes avec chaque résultat
Percentile par nombre de réponses
Votre historique - résultats
Vous n’avez pas pris ce quiz depuis la dernière actualisation